Enseñanza y computadoras

Uloženo v:
Podrobná bibliografie
Hlavní autoři: Bestougeff, Hélene (Autor), Fargette, Jean-Pierre (Autor)
Médium: Kniha
Jazyk:španělština
Vydáno: Barcelona Gedisa 1986
Edice:Renovación Pedagógica
Témata:
Tagy: Přidat tag
Žádné tagy, Buďte první, kdo vytvoří štítek k tomuto záznamu!

MARC

LEADER 00000nam a2200000 a 4500
001 UCW5392
003 CL-VaPUC
008 910415e19860000SP |||||||||||||||||spa|d
082 0 4 |a 371.39445  |b BES  |2 21 
100 0 |a Bestougeff, Hélene  |e author  |9 310351 
700 0 |a Fargette, Jean-Pierre  |e author  |9 310352 
245 1 0 |a Enseñanza y computadoras 
300 |a 220 p 
942 |c BK 
945 |d 19910415 00:00:00 
260 |a Barcelona  |b Gedisa  |c 1986 
650 0 |a Tecnología educacional  |9 307265 
650 7 |a ENSEÑANZA CON AYUDA DE COMPUTADORES  |2 CL-VaPUC  |9 262450 
583 |a last modification  |c 19910415 00:00:00  |k Rodrigo Vera 
490 0 |a Renovación Pedagógica 
999 |c 218841  |d 218839 
952 |0 0  |1 0  |4 0  |6 371_394450000000000_BES_1986  |7 0  |8 P  |9 209037  |a BIBEDU  |b BIBEDU  |c BIBEDU_PB  |d 2019-11-15  |i 2768410  |o 371.39445 BES 1986  |p 2768410  |r 2024-01-25  |w 2019-11-15  |y BK  |k EDU